000 01200cam a2200229 4500
001 ABS66522
008 030319n 000 0 eng u
035 _a(Sirsi) u121696
100 _aGannon, R.
245 _aSite safety checks and auditing
260 _2003
490 _aOn Site News
_v120(1439) March 2003, 10-11(2)
520 _aDiscusses the subject of company risk and accountability in health and safety matters. Asks where the Clerk of Works fits in to the legal requirements of all listed companies to have an internal control system, following the Turnbull report "Internal control: guidance for directors on the combined code". Recommends the Clerk of Works fulfils the criteria of a responsible person to carry out health and safety site inspections, but warns that their competency should be assessed according to the four headings of training, experience, skills and appointments.
590 _aABS
650 _aHEALTH AND SAFETY AT WORK ETC ACT 1974
650 _aINTERNAL CONTROL: GUIDANCE FOR DIRECTORS ON THE COMBINED CODE
650 _aRISK MANAGEMENT
650 _aCLERKS OF WORKS
650 _aSITE INSPECTIONS
690 _aHealth and safety
_96244
942 _n0
999 _c72325
_d72325